|
|
|
|
| LEADER |
01945nam a2200457 i 4500 |
| 001 |
EBC4643516 |
| 003 |
MiAaPQ |
| 005 |
20200520144314.0 |
| 006 |
m o d | |
| 007 |
cr cnu|||||||| |
| 008 |
160828t20162016njuad o 001 0 eng d |
| 020 |
|
|
|z 9781119252719
|
| 020 |
|
|
|a 9781119252740
|q (electronic bk.)
|
| 020 |
|
|
|a 9781119252764
|q (electronic bk.)
|
| 035 |
|
|
|a (MiAaPQ)EBC4643516
|
| 035 |
|
|
|a (Au-PeEL)EBL4643516
|
| 035 |
|
|
|a (CaPaEBR)ebr11248071
|
| 035 |
|
|
|a (CaONFJC)MIL949848
|
| 035 |
|
|
|a (OCoLC)957127990
|
| 040 |
|
|
|a MiAaPQ
|b eng
|e rda
|e pn
|c MiAaPQ
|d MiAaPQ
|
| 050 |
|
4 |
|a HG5095
|b .K749 2016
|
| 082 |
0 |
|
|a 332.63247
|2 23
|
| 100 |
1 |
|
|a Krewson-Kelly, Stephanie,
|e author.
|
| 245 |
1 |
4 |
|a The intelligent REIT investor :
|b how to build wealth with real estate trusts /
|c Stephanie Krewson-Kelly and R. Brad Thomas ; foreword, Martin Cohen.
|
| 264 |
|
1 |
|a Hoboken, New Jersey :
|b Wiley,
|c 2016.
|
| 264 |
|
4 |
|c 2016
|
| 300 |
|
|
|a 1 online resource (242 pages) :
|b illustrations (some color), charts, tables, graphs
|
| 336 |
|
|
|a text
|2 rdacontent
|
| 337 |
|
|
|a computer
|2 rdamedia
|
| 338 |
|
|
|a online resource
|2 rdacarrier
|
| 500 |
|
|
|a Includes index.
|
| 588 |
|
|
|a Description based on print version record.
|
| 590 |
|
|
|a Electronic reproduction. Ann Arbor, MI : ProQuest, 2016. Available via World Wide Web. Access may be limited to ProQuest affiliated libraries.
|
| 650 |
|
0 |
|a Real estate investment trusts.
|
| 650 |
|
0 |
|a Investments.
|
| 655 |
|
4 |
|a Electronic books.
|
| 700 |
1 |
|
|a Thomas, R. Brad,
|d 1966-
|e author.
|
| 700 |
1 |
|
|a Cohen, Martin,
|e writer of foreword.
|
| 776 |
0 |
8 |
|i Print version:
|a Krewson-Kelly, Stephanie.
|t Intelligent REIT investor : how to build wealth with real estate trusts.
|d Hoboken, New Jersey : Wiley, c2016
|h xxii, 217 pages
|z 9781119252719
|w 2016027780
|
| 797 |
2 |
|
|a ProQuest (Firm)
|
| 856 |
4 |
0 |
|u https://ebookcentral.proquest.com/lib/matrademy/detail.action?docID=4643516
|z Click to View
|